000 00932nac a22002771i 4500
003 EG-ScBUE
005 20250618081142.0
008 130416r20021990ii a f 001 0 eng d
020 _a8120309901
020 _a9788120309906
040 _aEG-ScBUE
_beng
_erda
_cEG-ScBUE
_dEG-ScBUE
082 0 4 _a539.7
_bWON
_222
100 1 _aWong, S. S. M.,
_eauthor.
_933109
245 1 0 _aIntroductory nuclear physics /
_cSamuel S.M. Wong, University of Toronto.
250 _aThird printing.
264 1 _aNew Delhi :
_bPrentice Hall of India,
_c2002.
300 _a486 pages :
_billustrations ;
_c24 cm
336 _2rdacontent
_atext
_btxt
337 _aunmediated
_2rdamedia
_bn
338 _avolume
_bnc
_2rdacarrier
500 _aIncludes index.
650 7 _aNuclear physics.
_2BUEsh
_933110
655 _vReading book
856 4 2 _3Table of Contents
_uhttp://www.loc.gov/catdir/toc/onix01/98003745.html
942 _cBB
_2ddc
999 _c1373
_d1373